000 00863nab a2200253uu 4500
001 13362
003 HDC
007 cr aa aaaau
008 210212p2000 my ||||| |||| 00| 0 eng d
040 _aHDC
100 _aMohd Nasir Amiruddin
_eauthor
_914184
245 0 _aSupply and Disappearance: A Review / by
_cMohd Nasir Amiruddin
260 _aKuala Lumpur :
_bMalaysian Palm Oil Board,
_c2000
300 _a1 online resource (9 pages)
336 _atext
_2rdacontent
337 _acomputer
_2rdamedia
338 _aonline resource
_2rdacarrier
650 _aCrude Palm Oil
_914137
650 _aPalm oil production
_914185
856 _zRequest full-text at [email protected]
942 _2lcc
942 _cAR
942 _kJART 003313
999 _c10678
_d10678